000 00585nam a22002057a 4500
005 20260515115123.0
008 260316b |||||||| |||| 00| 0 eng d
020 _a9789347492402
040 _aIN-DiNC
_cIN-DiNC
041 _dasm
082 _a320
_bGOH
100 _aGohain, Nabin
_eauthor
245 _aSamasamayik rajnaitik arthaniti (Major13)/
_cby Nabin Gohain and Pankaj Bora
250 _a1st ed.
260 _aJorhat:
_bBidya bhawan,
_c2026.
300 _a376p.
650 _aContemporary political economy (Major13)
700 _aBora, Pankaj
_eauthor
942 _2ddc
_cBK
999 _c12306
_d12306